Catálogo
 En Linea

El arte de nuestro tiempo / (Registro nro. 30093)

Detalles MARC
000 -CABECERA
campo de control de longitud fija 00730nam a2200229 a 4500
001 - NÚMERO DE CONTROL
campo de control 000030601
003 - IDENTIFICADOR DEL NÚMERO DE CONTROL
campo de control OSt
005 - FECHA Y HORA DE LA ÚLTIMA TRANSACCIÓN
campo de control 20210415115426.0
008 - DATOS DE LONGITUD FIJA--INFORMACIÓN GENERAL
campo de control de longitud fija 110524s1957 dr c r 000 0 spa d
040 ## - FUENTE DE LA CATALOGACIÓN
Centro catalogador/agencia de origen DO-SdBNP
Lengua de catalogación spa
Centro/agencia transcriptor BNPHU
082 #4 - NÚMERO DE LA CLASIFICACIÓN DECIMAL DEWEY
Número de clasificación 709
Número de documento/Ítem V179a
Número de edición 22
100 1# - ENTRADA PRINCIPAL--NOMBRE DE PERSONA
Nombre de persona Valldeperes, Manuel
9 (RLIN) 23258
245 13 - MENCIÓN DE TÍTULO
Título El arte de nuestro tiempo /
Mención de responsabilidad, etc. Manuel Valldeperes.
260 ## - PUBLICACIÓN, DISTRIBUCIÓN, ETC.
Lugar de publicación, distribución, etc. Ciudad Trujillo, República Dominicana :
Nombre del editor, distribuidor, etc. Libreria Dominicana,
Fecha de publicación, distribución, etc. 1957.
300 ## - DESCRIPCIÓN FÍSICA
Extensión 181 p. :
Otras características físicas il., retrs. ;
Dimensiones 19 cm.
490 ## - MENCIÓN DE SERIE
Mención de serie Pensamiento dominicano
Designación de volumen o secuencia 15
590 ## - NOTA LOCAL (RLIN)
Nota local Inventariado, 2018/LP
650 #4 - PUNTO DE ACCESO ADICIONAL DE MATERIA--TÉRMINO DE MATERIA
Término de materia o nombre geográfico como elemento de entrada Arte
Subdivisión cronológica SIGLO XX
9 (RLIN) 57197
830 ## - PUNTO DE ACCESO ADICIONAL DE SERIE-TÍTULO UNIFORME
Título uniforme Pensamiento dominicano
9 (RLIN) 19047
Número de parte o sección de la obra 15
910 ## - DATOS DE OPCIÓN DEL USUARIO (OCLC)
Datos de opción del usuario Validado. Control de calidad MFF
942 ## - ELEMENTOS DE PUNTO DE ACCESO ADICIONAL (KOHA)
Fuente del sistema de clasificación o colocación Dewey Decimal Classification
Tipo de ítem Koha Libro
Existencias
Estado de retiro Estado de pérdida Fuente del sistema de clasificación o colocación Restricciones de uso No para préstamo Código de colección Localización permanente Ubicación/localización actual Ubicación en estantería Fecha de adquisición Total de préstamos Signatura topográfica completa Código de barras Fecha visto por última vez Precio válido a partir de Tipo de ítem Koha Nota pública Número de copia Fuente de adquisición
    Dewey Decimal Classification Excluido de préstamo Préstamo restrigido Raros y valiosos Biblioteca Nacional Pedro Henríquez Ureña General Depósito 15.04.2021   BNPHU PD-RV 709 V179a 2021-1437 15.04.2021 15.04.2021 Libro   e. 2  
    Dewey Decimal Classification Préstamo en sala   Raros y valiosos Biblioteca Nacional Pedro Henríquez Ureña General Depósito 15.04.2021   BNPHU DS-RV 709 V179a 2021-1438 15.04.2021 15.04.2021 Libro   e. 3 Donado por Manuel Ortiz
    Dewey Decimal Classification Excluido de préstamo Excluido de préstamo Raros y valiosos Biblioteca Nacional Pedro Henríquez Ureña Patrimonio Dominicano Depósito 24.05.2011   BNPHU PD-RV 709 V179a 30601-10 25.06.2020 25.06.2020 Libro Perteneció a la biblioteca personal de Martínez Boog.    

Con tecnología Koha